| 000 | 00851nam a2200169 a 4500 | ||
|---|---|---|---|
| 008 | 110713s2010 ||||||||||||||||| || u | ||
| 050 | _aGOV.ZAM(02)2010/17A | ||
| 110 | _aGovernment of the Republic of Zambia (GRZ). Ministry of Energy and Water Development | ||
| 245 | 1 | 0 | _aNational Water Policy 2010 |
| 260 |
_aLusaka _bGovernment of the Republic of Zambia (GRZ) _c2010 |
||
| 300 | _av, 49p. :ill. | ||
| 350 | _a0.00 | ||
| 650 | _aNATIONAL WATER POLICY--ZAMBIA | ||
| 710 | _aGovernment of the Republic of Zambia (GRZ) | ||
| 995 |
_aSPECIAL COLLECTIONS _D0.00 _e03007977 _FCBU-MAIN LIBRARY (Kitwe) _H1 _I0.00 _jGOV.ZAM(02)2010/17A _M1 _UAVAILABLE _WJul 13, 2011 _y03007977 _ZZambiana Collection |
||
| 995 |
_aSPECIAL COLLECTIONS _D0.00 _e03007978 _FCBU-MAIN LIBRARY (Kitwe) _H1 _I0.00 _jGOV.ZAM(02)2010/17B _M2 _UAVAILABLE _WJul 13, 2011 _y03007978 _ZZambiana Collection |
||
| 999 |
_c78724 _d78724 |
||